| 000 | 00860nam a2200253 a 4500 | ||
|---|---|---|---|
| 001 | 000005245 | ||
| 003 | OSt | ||
| 005 | 20200929151623.0 | ||
| 008 | 090818s2003 sp a 001 0 spa d | ||
| 020 | _a8400081374 | ||
| 020 | _a9788400081379 | ||
| 040 |
_aDO-SdBNP _bspa _cBNPHU |
||
| 082 |
_axxxx _bG154c |
||
| 100 | 1 |
_aGalera, Andrés _914967 |
|
| 245 | 1 | 0 |
_aCiencia a la sombra del Vesubio : _bensayos sobre el conocimiento de la naturaleza / _cAndrés Valera. |
| 260 |
_aMadrid, España : _bCSIC, _c2003. |
||
| 300 |
_a250 p. : _bil. ; _c21 cm. |
||
| 490 | 1 |
_aEstudios sobre la ciencia _v31 |
|
| 500 | _aIncluye índice analítico | ||
| 504 | _aIncluye referencias bibliográficas y notas al pie de las páginas | ||
| 710 | 1 |
_aConsejo Superior de Investigaciones Científicas _94786 |
|
| 830 | 0 |
_aEstudios sobre la ciencia _n31 _914968 |
|
| 942 |
_2ddc _cLF1 |
||
| 999 |
_c5046 _d5046 |
||